Loading...
History - World History | 3 | 3 | 0 | 0 | 75 | 59 | 75.17 | 2 | 5 |
History - American History | 2 | 3 | 0 | 0 | 60 | 57 | 74.40 | 1 | 3 |
Literature - European Literature | 1 | 4 | 0 | 0 | 55 | 59 | 107.00 | 0 | 2 |
History - European History | 2 | 3 | 1 | 0 | 55 | 42 | 69.60 | 1 | 5 |
Literature - American Literature | 1 | 4 | 1 | 2 | 50 | 81 | 112.40 | 0 | 3 |
Social Science | 0 | 5 | 1 | 1 | 45 | 78 | 98.40 | 1 | 3 |
Religion | 2 | 2 | 2 | 0 | 40 | 53 | 71.50 | 2 | 4 |
Fine Arts - Visual Fine Arts | 0 | 4 | 0 | 1 | 40 | 92 | 111.00 | 0 | 2 |
Science - Other Science | 1 | 2 | 0 | 1 | 35 | 65 | 99.00 | 0 | 2 |
History - Other History | 0 | 4 | 1 | 1 | 35 | 72 | 86.25 | 0 | 3 |
Literature - World Literature | 0 | 3 | 0 | 0 | 30 | 89 | 128.00 | 0 | 1 |
Fine Arts - Other Fine Arts | 0 | 4 | 2 | 1 | 30 | 103 | 119.75 | 0 | 1 |
Other Academic | 1 | 1 | 0 | 0 | 25 | 81 | 96.00 | 1 | 1 |
Philosophy | 0 | 4 | 3 | 2 | 25 | 60 | 92.75 | 0 | 3 |
Geography | 0 | 2 | 0 | 1 | 20 | 99 | 111.50 | 0 | 1 |
Literature - British Literature | 0 | 2 | 0 | 0 | 20 | 94 | 102.50 | 0 | 0 |
Fine Arts - Auditory Fine Arts | 1 | 1 | 1 | 1 | 20 | 49 | 103.50 | 0 | 2 |
Current Events | 0 | 1 | 0 | 1 | 10 | 115 | 115.00 | 0 | 0 |
Mythology | 0 | 1 | 1 | 0 | 5 | 99 | 99.00 | 0 | 0 |